Tilastot visalle Sanat - "Paratiisi" - Rauli Badding Somerjoki

Klikkaa tästä pelataksesi tätä visaa!

Yleistilastot

  • Tätä visaa on pelattu 326 kertaa
  • Keskiarvotulos 94 / 117

Vastaustilastot

Paratiisi% Oikein
99%
Oli
99%
oli
99%
ja
98%
Kun
98%
kun
98%
Kun
98%
ihanin
97%
ilta
97%
kohtasin,
97%
sinut
97%
kuu.
96%
taivaan
96%
kimmelsi
95%
lauloi
95%
Linnut
95%
sanoit
92%
landelle
91%
menkäämme
91%
meidän
90%
Sinä
90%
jos
89%
jos
89%
kai,
89%
maalle
89%
niin,
89%
niin
89%
voisin
89%
antaa
88%
enhän
88%
hetki
88%
hetki
88%
juttu
88%
kaikkein
88%
kauneimman
88%
Mutta
88%
Oi,
88%
Oi,
88%
onnistuu.
88%
pieni
88%
riittänee
88%
riittänee
88%
sitä
88%
sulle
88%
tää
88%
Tämän
88%
tee,
88%
olla
87%
olla
87%
saan
86%
saan
86%
saavuttiin
86%
valtavan
86%
maailmani
85%
maailmani
85%
nyt
85%
tunnelma
85%
pallon
84%
pallon
84%
vierelläsi
84%
vierelläsi
84%
näin
82%
näin
82%
Perille
82%
riisuttiin
82%
sun
81%
sun
81%
huumaava
80%
kukat
80%
kuteet
80%
tuoksui
79%
kuin
78%
kukki
78%
Meri
77%
Mietin
77%
olut
77%
rantaan
75%
vaahtosi
74%
kuohuaa
72%
Heti
69%
liiat
68%
kuljettiin,
66%
vain
63%
suusta
60%
suuhun
59%
aikuiset
57%
puhuu
56%
suoraan
56%
heitit
54%
huulta
54%
kuiskuttain
54%
Näistä
54%
Pientä
52%
hiekka
50%
Meren
50%
tarttui
50%
vaivuttiin
50%
varpaisiin
50%
rytmiin
49%
kiihkeään
46%
kiedottiin,
38%
yhteen
38%
Varret
37%

Tulosjakauma

Persentiili vastausten määrän mukaan

Jokaisen tuloksen saaneiden osuus

Tuloshistoriasi

Et ole pelannut tätä visaa